| 000 | 00796nam a2200241 a 4500 | ||
|---|---|---|---|
| 001 | 49932 | ||
| 003 | BD-RjUL | ||
| 005 | 20211209075432.0 | ||
| 008 | 160823s1951 xx 000 0 eng d | ||
| 035 | _a(BD-RjUL)50052 | ||
| 040 |
_aBD-RjUL _cVYL _dBD-RjUL _beng |
||
| 041 | _aeng | ||
| 082 |
_a613.7 _218 _bBRP 1951 |
||
| 100 | 1 |
_aBrownell, Clifford Lee, _9149648 |
|
| 245 | 1 | 0 |
_aPhysical education : _bfoundations and principles / _c[by] Clifford Lee Brownell [and] E. Patricia Hagman |
| 250 | _a1st ed | ||
| 260 |
_aNew York : _bMcGraw-Hill, _c1951 |
||
| 300 |
_a397 p. _c24 cm |
||
| 650 | 0 |
_aPhysical education and training _9149649 |
|
| 700 |
_aHagman, E. Patricia _9149650 |
||
| 830 | 0 |
_aMcGraw-Hill series in health education, physical education, and recreation _9149651 |
|
| 942 |
_2ddc _cBK |
||
| 999 |
_c49932 _d49932 |
||